2019 Global status report for buildings and construction (Record no. 121186)

MARC details
000 -LEADER
fixed length control field 01187nam a22002297a 4500
001 - CONTROL NUMBER
control field L121186
008 - FIXED-LENGTH DATA ELEMENTS--GENERAL INFORMATION
fixed length control field 160218b2019 xxu||||| |||| 00| 0 eng d
041 ## - LANGUAGE CODE
Language code of text/sound track or separate title eng
110 ## - MAIN ENTRY--CORPORATE NAME
Corporate author Global Alliance for Buildings and Construction
245 ## - TITLE STATEMENT
Title 2019 Global status report for buildings and construction
Subtitle Towards a zero emissions, efficient and resilient buildings and construction sector
260 ## - PUBLICATION INFORMATION
Publisher IEA
Date 2019
260 ## - PUBLICATION INFORMATION
Publisher UN Environment programme
300 ## - PHYSICAL DESCRIPTION
Physical description 40p
520 ## - ABSTRACT
Abstract Highlights from the report include comments that dramatic improvements in the way the world’s buildings are built, designed and operated are urgently needed if the vast, globally significant building and construction sector is to play its part in meeting international goals under the Paris Agreement and that energy efficiency emissions rates are behind..
650 ## - KEYWORDS
Keywords Net-zero carbon
650 ## - KEYWORDS
Keywords Energy efficiency
650 ## - KEYWORDS
Keywords Climate change
651 ## - SUBJECT ADDED ENTRY--GEOGRAPHIC NAME
Geographic name United Kingdom 1973
690 ## - BROAD SUBJECT
9 (RLIN) 6238
Broad subject Environment
856 ## - ONLINE RESOURCE
Uniform Resource Identifier <a href="https://www.worldgbc.org/sites/default/files/2019%20Global%20Status%20Report%20for%20Buildings%20and%20Construction.pdf">https://www.worldgbc.org/sites/default/files/2019%20Global%20Status%20Report%20for%20Buildings%20and%20Construction.pdf</a>
Public note View at www.wordgbc.org.
942 ## - ADDED ENTRY ELEMENTS (KOHA)
Suppress in OPAC Do not suppress in OPAC
Holdings
Lost status Damaged status Not for loan Home library Current library Shelving location Date acquired Total Checkouts Date last seen Price effective from Koha item type
      Virtual Virtual Online 24/01/2020   24/01/2020 24/01/2020 Online material